000 00404nam a22001697a 4500
005 20160511154007.0
008 160511b xxu||||| |||| 00| 0 eng d
020 _a007-065657-6
041 _aeng
082 _b1324
100 _aR-Luec
_9478
245 _aManaging Creativity and Innovation
260 _bHarand Business School Press
_c2003
300 _a174
650 _aManagement
_9241
942 _cBK
999 _c587
_d587